Λογιστική : γενικές αρχές λογιστικής (θεωρία και πρακτική), νομοθετημένη λογιστική (Ε.Γ.Λ.Σ.:γενική και αναλυτική λογιστική), εξειδικευμένη λογιστική (ειδικά λογιστικά αντικείμενα)
Αποθηκεύτηκε σε:
| Κύριος συγγραφέας: | |
|---|---|
| Μορφή: | Βιβλίο |
| Γλώσσα: | Greek |
| Δημοσίευση: |
Αθήνα :
Σταμούλης,
2002
|
| Έκδοση: | 4η έκδ. |
| Θέματα: | |
| Ετικέτες: |
Προσθήκη ετικέτας
Δεν υπάρχουν, Καταχωρήστε ετικέτα πρώτοι!
|
MARC
| LEADER | 00000cam a2200000 i 4500 | ||
|---|---|---|---|
| 001 | 1/36638 | ||
| 008 | 030612s2002 gre d | ||
| 020 | |a 960-351-157-9 | ||
| 035 | |l 10070103 | ||
| 040 | |a GR-MY-UA |b gre |e aacr | ||
| 041 | 0 | |a gre | |
| 082 | 0 | |a 657 | |
| 100 | 1 | |a Πομόνης, Νικόλαος Σ. | |
| 245 | 1 | 0 | |a Λογιστική : |b γενικές αρχές λογιστικής (θεωρία και πρακτική), νομοθετημένη λογιστική (Ε.Γ.Λ.Σ.:γενική και αναλυτική λογιστική), εξειδικευμένη λογιστική (ειδικά λογιστικά αντικείμενα) / |c Νικόλαος Σ. Πομόνης |
| 250 | |a 4η έκδ. | ||
| 260 | |a Αθήνα : |b Σταμούλης, |c 2002 | ||
| 300 | |a 503 σ.; |c 24 cm | ||
| 650 | 0 | 0 | |a Accounting. |
| 650 | 0 | 0 | |a Accounting |x Problems, exercises, etc. |
| 650 | 0 | 0 | |a Accounting |x Law and legislation. |
| 852 | |a INST |b CHIOS |e 20030612 |h 657 ΠΟΜ |p 005200013339 |q 005200013339 |t BK |y 0 | ||
| 901 | |a BIBL2-2003-2 | ||
| 909 | |a Χ |b 104575 | ||
| 970 | |a ΧΑΖΙΡΗ |b ΑΝΝΑ |z 2003/06/12 | ||